|
|
|
|
| LEADER |
00000cam a2200000 7i4500 |
| 001 |
0000003425 |
| 005 |
20060317.0 |
| 020 |
0 |
0 |
|a 98341266
|
| 090 |
0 |
0 |
|a 333.73
|b QUA
|
| 245 |
1 |
0 |
|a Quarrying - essential element in national development
|c edited by Ghiathuddin Long, Eric KH Goh and Muhamad Nor Muhamad.
|
| 260 |
0 |
0 |
|a Kuala Lumpur :
|b Malaysia Quarries Association, Institute of Quarrying Malaysia & Malaysian Chamber of Mines ,
|c 2003
|
| 300 |
|
|
|a ix, 228 p. :
|b ill. ;
|c 26 cm.
|
| 650 |
0 |
0 |
|a Quarries and Quarrying
|x Economic aspects
|
| 650 |
0 |
0 |
|a Quarries and Quarrying
|x Environmental aspects
|
| 650 |
0 |
0 |
|a Quarries and Quarrying
|x Law and legislation
|
| 650 |
0 |
0 |
|a Quarries and Quarrying
|x Professionalism
|
| 650 |
0 |
0 |
|a Quarries and Quarrying
|z Malaysia
|
| 700 |
1 |
1 |
|a Ghiathuddin Long
|
| 700 |
1 |
1 |
|a Goh, EricK.H.
|
| 700 |
1 |
1 |
|a Muhamad Nor Muhamad
|
| 710 |
2 |
1 |
|a Institute of Quarrying Malaysia
|
| 710 |
2 |
1 |
|a Malaysia Quarries Association
|
| 710 |
2 |
1 |
|a Malaysian Chamber of Mines
|
| 999 |
|
|
|a 0000006497
|b Monograph
|c Open Shelf
|e Default branch
|